000 00390nam a22001457a 4500
005 20251108170730.0
008 250721s1970 xx 000 0 eng d
082 1 4 _aR/956.4/I
245 1 0 _aInternational Documents on Palestine , 1967 /
264 1 _aBeirut :
_bInstitute for Plaestine Studies,
_c1970.
650 1 7 _aPalestine
650 1 7 _aHistory
942 _2ddc
_cREF
999 _c47674
_d47674